Gaming Quiz

Random Gaming or Disney Quiz

Disney channnel and nikelodion quiz Stats

Quiz not verified by Sporcle

Challenge
Share
Tweet
Embed
Score 0/8 Timer 05:00
0 Plays Today
hint answer % Correct
its a new born baby boytoby
55.6%
he is fat and he is a butlerbertram
50.5%
she is a musician and an actor tori
50.5%
she want her brothers to get in troublecandace
45.5%
red hair and really cutecat
40.4%
he is artistfletcher
24.2%
ugly and not so nice woman mrs.chesterfield
18.2%
angry and urk!!principal skidemore
5.1%

You're not logged in!

Compare scores with friends on all Sporcle quizzes.
Join for Free
OR
Log In

You Might Also Like...

Show Comments

Extras

Created Jan 28, 2013ReportNominate
Tags:Disney Quiz, extra

Top Quizzes Today


Score Distribution

Your Account Isn't Verified!

In order to create a playlist on Sporcle, you need to verify the email address you used during registration. Go to your Sporcle Settings to finish the process.

Report this User

Report this user for behavior that violates our Community Guidelines.

Details: